The power of positive praying / (Record no. 5201)

MARC details
000 -LEADER
fixed length control field 00677cam a2200241 a 4500
001 - CONTROL NUMBER
control field 2406953
003 - CONTROL NUMBER IDENTIFIER
control field GBCCL
005 - DATE AND TIME OF LATEST TRANSACTION
control field 20241126110535.0
008 - FIXED-LENGTH DATA ELEMENTS--GENERAL INFORMATION
fixed length control field 861217s1987 nyu d 000 0 eng
010 ## -
-- 86030561
020 ## - INTERNATIONAL STANDARD BOOK NUMBER
International Standard Book Number 03102121X
Terms of availability $8.95
040 ## - CATALOGING SOURCE
Original cataloging agency DLC
Transcribing agency DLC
Modifying agency DLC
050 10 -
-- BV220
-- .B47 1987
082 00 - DEWEY DECIMAL CLASSIFICATION NUMBER
Classification number 248.32
Edition information 19
Item number BIS
100 1# - MAIN ENTRY--PERSONAL NAME
Personal name Bisagno, John R.
9 (RLIN) 9366
245 14 - TITLE STATEMENT
Title The power of positive praying /
Statement of responsibility, etc. by John Bisagno.
250 ## - EDITION STATEMENT
Edition statement 1st large print ed.
260 ## - PUBLICATION, DISTRIBUTION, ETC.
Place of publication, distribution, etc. Grand Rapids:
Name of publisher, distributor, etc. Zondervan :
Date of publication, distribution, etc. 1978.
300 ## - PHYSICAL DESCRIPTION
Extent 91 ;
Dimensions 21 cm.
650 #0 - SUBJECT ADDED ENTRY--TOPICAL TERM
Topical term or geographic name entry element Prayer
General subdivision Christianity.
9 (RLIN) 227
906 ## - LOCAL DATA ELEMENT F, LDF (RLIN)
a 7
b cbc
c orignew
d 1
e ocip
f 19
g y-gencatlg
942 ## - ADDED ENTRY ELEMENTS (KOHA)
Source of classification or shelving scheme Dewey Decimal Classification
Koha item type Books
Koha issues (borrowed), all copies 4
Holdings
Withdrawn status Lost status Source of classification or shelving scheme Damaged status Not for loan Home library Current Library Shelving location Date acquired Total checkouts Total renewals Full call number Barcode Date last seen Date last checked out Copy number Price effective from Koha item type
    Dewey Decimal Classification     GRACE BIBLE COLLEGE GRACE BIBLE COLLEGE Ministry & Mission 2018-03-02 4 1 248.32 BIS 003016 2025-05-01 2019-08-27 c.1 2018-03-02 Books
© Grace Bible College Library 2025